| 000 | 02175aam a2200433 i 4500 | ||
|---|---|---|---|
| 001 | 768714001 | ||
| 003 | CO-MdFUSB | ||
| 005 | 20240214154933.0 | ||
| 007 | ta | ||
| 008 | 231018t19951995cr a||ag |||| 00| 0 spa d | ||
| 020 | _a9977965382 | ||
| 040 |
_aCO-MdFUSB _bspa _cCO-MdFUSB _dCO-MdFUSBC _erda |
||
| 041 | _aspa | ||
| 082 |
_223 _a261.88 _bR648 |
||
| 100 |
_aRoberts, W. Dayton, _eautor |
||
| 245 | 1 |
_aComo un vestido _b : medio ambiente y misión en el siglo XXI _c/ W. Dayton Roberts [y otros seis autores] ; traducido por Dr. José María Blanch ; editado por Luis Diego Solórzano |
|
| 250 | _aedición en español | ||
| 264 | 1 |
_aSan José, Costa Rica : _bVaritec, _c[1995] |
|
| 264 | 4 | _c©1995 | |
| 300 |
_a225 páginas _c; 22 cm |
||
| 336 |
_2rdacontent _atexto _btxt |
||
| 337 |
_2rdamedia _asin mediación _bn |
||
| 338 |
_2rdacarrier _avolumen _bnc |
||
| 505 |
_tPrimera parte: Bases síntesis teológicas del medio ambiente. _aEcología al alcance de todos -- Como funciona ... y falla ... la tierra -- Como restablecer el equilibrio -- Así lo cuenta la Biblia -- Son naturales los desastres -- Enfoque en el futuro -- Credo de un ambientalista cristiano. |
||
| 505 |
_tSegunda parte: Situación huecos inquietantes, partes gestadas, remiendos prometedores. _aPoblación y polución -- Gotitas de agua -suficientes? -- A partir de rio -- El caso del ejecutivo concienzudo -- Cuenta regresiva. |
||
| 505 |
_tTercera parte: Respuestas puntos de presión en la misión de la iglesia. _aCaminando de puntillas por la tierra -- Remiendos comunitarios -- Justicia global y el medioambiente -- Capacitando a custodios de la tierra -- Agenda misiológica para el siglo XXI. |
||
| 563 | _aRústico. | ||
| 650 | 0 |
_9947 _aProtestantismo |
|
| 700 |
_98712 _aStrong , Maurice F. _eautor |
||
| 700 |
_98713 _aHodgson, Dwayne, _eautor |
||
| 700 |
_98714 _aSider, Ronald J. _eautor |
||
| 700 |
_98715 _aCommins, Stephen K. _eautor |
||
| 700 |
_98716 _aEbenezer, Job. _eautor |
||
| 700 |
_98492 _aDyrness, William, _eautor |
||
| 700 |
_98717 _aZolórzano, Luis Diego, _eeditor |
||
| 700 |
_98120 _aBlanch, José María, _etraductor |
||
| 942 | _cBK | ||
| 945 | _asor1564 | ||
| 999 |
_c69171 _d69171 |
||